[Event "COL-ch U20"]
[White "Munoz Triana, Joseph Steve"]
[Black "Cortes Baron, Jose Miguel"]
[Site "Tolima"]
[Round "6"]
[Result "1-0"]
[Date "2020.02.15"]
[WhiteElo "1213"]
[BlackElo "1299"]
[PlyCount "119"]
[EventDate "2020.02.12"]
[EventType "swiss"]
[EventRounds "7"]
[EventCountry "COL"]
[SourceTitle "CBM 195 Extra"]
[Source "ChessBase"]
[SourceDate "2020.05.31"]
[SourceVersion "1"]
[SourceVersionDate "2020.05.31"]
[SourceQuality "1"]

1. e4 e5 2. Nf3 Nc6 3. d4 Qf6 4. Bg5 Qd6 5. c3 h6 6. Bh4 g5 7. Bg3 Bg7 8. Bb5 f6 9. Bxc6 dxc6 10. h3 Be6 11. 0-0 0-0-0 12. Nbd2 h5 13. dxe5 fxe5 14. Nxg5 h4 15. Bh2 Bh6 16. Ndf3 Qe7 17. Qc1 Qf6 18. Bxe5 Bxg5 19. Qxg5 Qxg5 20. Nxg5 Rh6 21. b3 Rg6 22. f4 Bd7 23. Nf3 Bxh3 24. Nxh4 Rg4 25. Kh2 Rxh4 26. gxh3 Re8 27. Rae1 Ne7 28. f5 Ng8 29. Kg3 Rh7 30. Bd4 Nh6 31. f6 Rg8+ 32. Kf3 Nf7 33. Rh1 Ng5+ 34. Ke3 Ne6 35. Ref1 Rg3+ 36. Rf3 Rxf3+ 37. Kxf3 Nxd4+ 38. cxd4 Kd7 39. h4 Ke6 40. e5 b6 41. Ke4 a5 42. a4 b5 43. axb5 cxb5 44. d5+ Kf7 45. h5 a4 46. bxa4 bxa4 47. Kf5 a3 48. e6+ Kf8 49. Kg6 Rh8 50. e7+ Ke8 51. Kg7 Rxh5 52. f7+ Kxe7 53. f8Q+ Kd7 54. Qf7+ Kd6 55. Qe6+ Kc5 56. Rc1+ Kd4 57. Rd1+ Kc5 58. Qc6+ Kb4 59. Rb1+ Ka5 60. Qa8# 1-0

[Event "COL-ch U20"]
[White "Cortes Baron, Jose Miguel"]
[Black "Molina Rojas, Andrey Felipe"]
[Site "Tolima"]
[Round "2"]
[Result "0-1"]
[Date "2020.02.13"]
[WhiteElo "1299"]
[BlackElo "1146"]
[PlyCount "48"]
[EventDate "2020.02.12"]
[EventType "swiss"]
[EventRounds "7"]
[EventCountry "COL"]
[SourceTitle "CBM 195 Extra"]
[Source "ChessBase"]
[SourceDate "2020.05.31"]
[SourceVersion "1"]
[SourceVersionDate "2020.05.31"]
[SourceQuality "1"]

1. e4 c5 2. Nf3 d6 3. d4 cxd4 4. Nxd4 Nf6 5. Nc3 a6 6. Bd3 Nbd7 7. 0-0 Nc5 8. Re1 b5 9. b4 Nxd3 10. cxd3 e5 11. Nf5 Bxf5 12. exf5 Rc8 13. Bb2 Qd7 14. Qf3 Be7 15. Ne4 0-0 16. Rad1 Rc2 17. Rd2 Rfc8 18. a3 Rxd2 19. Nxd2 Rc2 20. Bc1 Qc7 21. Nb3 Qc3 22. Bd2 Qxb3 23. Qa8+ Bf8 24. Bc1 Qc3 0-1

[Event "Tolima Departament-ch U14"]
[White "Aguiar Oyuela, Luis Alejandro"]
[Black "Cortes Baron, Jose Miguel"]
[Site "Tolima"]
[Round "4"]
[Result "1-0"]
[Date "2020.01.09"]
[WhiteElo "1127"]
[BlackElo "1299"]
[PlyCount "53"]
[EventDate "2020.01.07"]
[EventType "swiss"]
[EventRounds "5"]
[EventCountry "COL"]
[SourceTitle "CBM 195 Extra"]
[Source "ChessBase"]
[SourceDate "2020.05.31"]
[SourceVersion "1"]
[SourceVersionDate "2020.05.31"]
[SourceQuality "1"]

1. e4 e5 2. Nf3 Nc6 3. Bc4 Bc5 4. 0-0 Nf6 5. d4 Nxd4 6. Nxe5 0-0 7. Be3 b5 8. Nxf7 Qe7 9. Nh6+ Kh8 10. Nf7+ Kg8 11. Bxd4 bxc4 12. Ng5 Bb7 13. e5 Nd5 14. Bxc5 Qxc5 15. Qh5 h6 16. Ne4 Qe7 17. Nbd2 Nf4 18. Qg4 Bxe4 19. Nxe4 Qxe5 20. Rfe1 Rae8 21. Qxd7 Nh5 22. g4 Qf4 23. gxh5 Rxe4 24. Qd5+ Kh8 25. Qxe4 Qxf2+ 26. Kh1 Rf4 27. Qe3 1-0

[Event "Tolima Departament-ch U14"]
[White "Quevedo Bonilla, Paula Thaliana"]
[Black "Cortes Baron, Jose Miguel"]
[Site "Tolima"]
[Round "5"]
[Result "0-1"]
[Date "2020.01.09"]
[WhiteElo "1332"]
[BlackElo "1299"]
[PlyCount "55"]
[EventDate "2020.01.07"]
[EventType "swiss"]
[EventRounds "5"]
[EventCountry "COL"]
[SourceTitle "CBM 195 Extra"]
[Source "ChessBase"]
[SourceDate "2020.05.31"]
[SourceVersion "1"]
[SourceVersionDate "2020.05.31"]
[SourceQuality "1"]

1. e4 e5 2. Nf3 Nc6 3. Bc4 Bc5 4. c3 Nf6 5. d4 exd4 6. cxd4 Bb4+ 7. Nc3 0-0 8. 0-0 Re8 9. e5 Bxc3 10. exf6 Bb4 11. Qb3 Qxf6 12. Qd3 h6 13. h3 d6 14. Bb3 Bf5 15. Qc4 Bxh3 16. Qxf7+ Qxf7 17. Bxf7+ Kxf7 18. gxh3 Kg8 19. a3 Rf8 20. Nh4 Ba5 21. d5 Ne5 22. b4 Bb6 23. Bb2 Nf3+ 24. Nxf3 Rxf3 25. Kg2 Raf8 26. Rfe1 Rxf2+ 27. Kg3 Rxb2 28. Re7 0-1

[Event "Tunja Boyaca op-B"]
[White "Cortes Baron, Jose Miguel"]
[Black "Morantes Maldonado, Brandon"]
[Site "Tunja"]
[Round "2"]
[Result "0-1"]
[Date "2019.08.01"]
[WhiteElo "1325"]
[BlackElo "1944"]
[PlyCount "36"]
[EventDate "2019.07.31"]
[EventType "swiss"]
[EventRounds "9"]
[EventCountry "COL"]
[SourceTitle "EXT 2020"]
[Source "ChessBase"]
[SourceDate "2019.10.17"]
[SourceVersion "1"]
[SourceVersionDate "2019.10.17"]
[SourceQuality "1"]

1. e4 c5 2. Nf3 a6 3. Bc4 e6 4. c3 b5 5. Bb3 c4 6. Bc2 Bb7 7. 0-0 Bc5 8. d4 cxd3 9. Bxd3 d6 10. Re1 Nf6 11. Nbd2 Ng4 12. b4 Bxf2+ 13. Kh1 Bxe1 14. Qxe1 Qb6 15. Qg3 Nf2+ 16. Kg1 Nxe4+ 17. Kh1 Nxg3+ 18. hxg3 Nd7 0-1